Transgenic mammals
Αποθηκεύτηκε σε:
| Κύριος συγγραφέας: | |
|---|---|
| Μορφή: | Βιβλίο |
| Γλώσσα: | Undetermined |
| Έκδοση: |
Harlow, Eng.
Longman
1999
|
| Θέματα: | |
| Ετικέτες: |
Προσθήκη ετικέτας
Δεν υπάρχουν, Καταχωρήστε ετικέτα πρώτοι!
|
| Thư viện lưu trữ: | Trung tâm Học liệu Trường Đại học Cần Thơ |
|---|
| LEADER | 00485nam a2200193Ia 4500 | ||
|---|---|---|---|
| 001 | CTU_57368 | ||
| 008 | 210402s9999 xx 000 0 und d | ||
| 020 | |b 418000 | ||
| 082 | |a 591.35 | ||
| 082 | |b S622 | ||
| 100 | |a John Bishop | ||
| 245 | 0 | |a Transgenic mammals | |
| 245 | 0 | |c John Bishop | |
| 260 | |a Harlow, Eng. | ||
| 260 | |b Longman | ||
| 260 | |c 1999 | ||
| 650 | |a animal breeding,animal genetics | ||
| 904 | |i Minh | ||
| 980 | |a Trung tâm Học liệu Trường Đại học Cần Thơ | ||